| 000 | 01143cam a2200181 4500 | ||
|---|---|---|---|
| 008 | 000000n2000 000 0 eng u | ||
| 035 | _a(Sirsi) u109891 | ||
| 245 | _aMcClymont v Primecourt Property Management Ltd | ||
| 260 | _c2000 | ||
| 490 |
_aEstates Gazette Case Summaries _v[2000] EGCS 139 (2/12/00) (1) |
||
| 520 | _a"McClymont v Primecourt Property Management Ltd" CHD 17 November 2000. Grant of exclusive use of one-half of garden area - Parties constructing dividing fence - Title to grantee's house subsequently recording right to such exclusive use - Defendant successor to grantor - Defendant removing fence and treating entire area as his own - Claimant successor to grantee - Whether claimant entitled to sue in trespass - Right of way - Defendant altering approach to private road - Claimant unable to leave car in front of house - Whether defendant interfering with claimant's right to 'use' road. HEADNOTE FROM JOURNAL. | ||
| 650 | _aMCCLYMONT V PRIMECOURT PROPERTY MANAGEMENT LTD | ||
| 650 | _aTRESPASS | ||
| 650 | _aRIGHT OF WAY | ||
| 650 | _aFENCES | ||
| 690 | _aPROPERTY LAW AND PRACTICE-CASE LAW | ||
| 942 | _n0 | ||
| 999 |
_c65559 _d65559 |
||